000 00590nam a2200121Ia 4500
008 220620s9999||||xx |||||||||||||| ||und||
100 _aJones, Peter||Miles, Debra||Gopalkrishnan, Narayan
245 0 _aIntercultural Learning
_bCritical preparation for international student travel
546 _aEnglish[eng]
650 _aIntercultural learning||International study exchange||Tertiary students abroad||Intercultural understanding||Cultural awareness||Intercultural communication
856 _uhttps://library.oapen.org/bitstream/20.500.12657/39713/1/intercultural-learning.pdf
942 _cEB
999 _c24256
_d24256